000 00799nam a2200229 i 4500
001 73690
003 ES-MaACL
005 20240320062527.0
007 t|
008 040910s1943 sp ||||1| spa d
100 1 _aGómez de la Serna, Ramón,
_d1888-1963
_957901
245 1 3 _aEl circo /
_cpor Ramón Gómez de la Serna ; [prólogo de Julio Gómez de la Serna... (et al.) ; ilustraciones del autor y de "Apa"].
250 _a[1ª ed.].
260 _a[S.l. :
_bs.n.,
_c1943] (
_eBarcelona :
_fLa Académica)
300 _aXX, 278 p. ;
_c20 cm.
490 1 _aEl monigote de papel
700 1 _aGómez de la Serna, Julio,
_d1895-1983
_957899
700 0 _aApa (
_d1878-1948)
_922029
830 0 _aEl monigote de papel
_9226610
852 _aES-MaACL
_jB-10317
_bR.21665
999 _c73690
_d73690